Применение лазерной терапии у детей с наследственными нарушениями психоречевого развития (Запись № 1407286)

Подробности
000 -МАРКЕР
контрольное поле 02163nam0a2200349 4500
001 - ИДЕНТИФИКАТОР ЗАПИСИ
контрольное поле RU\NLR\bibl\547873
005 - ИДЕНТИФИКАТОР ВЕРСИИ
контрольное поле 20260407083817.0
010 ## - МЕЖДУНАРОДНЫЙ СТАНДАРТНЫЙ НОМЕР КНИГИ (ISBN)
Номер (ISBN) 5-94505-037-7
Тираж 300
021 ## - НОМЕР ГОСУДАРСТВЕННОЙ РЕГИСТРАЦИИ
Код страны Российская Федерация
Номер 2004-42093
Номер Листа государственной регистраци 2088
035 ## - ДРУГИЕ СИСТЕМНЫЕ НОМЕРА
Идентификатор записи (NLR Aleph) 000540069
100 ## - ДАННЫЕ ОБЩЕЙ ОБРАБОТКИ
Данные общей обработки 20040830d2003 |||y0rusy50 ca
101 0# - ЯЗЫК РЕСУРСА
Язык текста, звукозаписи и т.д. русский
102 ## - СТРАНА ПУБЛИКАЦИИ ИЛИ ПРОИЗВОДСТВА
Страна публикации Российская Федерация
105 ## - ПОЛЕ КОДИРОВАННЫХ ДАННЫХ: ТЕКСТОВЫЕ МАТЕРИАЛЫ, МОНОГРАФИЧЕСКИЕ
Кодированные данные о монографическом текстовом документе a |||||||||
200 1# - ЗАГЛАВИЕ И СВЕДЕНИЯ ОБ ОТВЕТСТВЕННОСТИ
Основное заглавие Применение лазерной терапии у детей с наследственными нарушениями психоречевого развития
Сведения, относящиеся к заглавию Метод. рекомендации
Первые сведения об ответственности М-во здравоохранения Рос. Федерации, Моск. НИИ педиатрии и дет. хирургии МЗ РФ и др.
Последующие сведения об ответственности [Исполн.: к.м.н. Воинова Валентина Михайловна и др.]
210 ## - ПУБЛИКАЦИЯ, РАСПРОСТРАНЕНИЕ И ДР.
Место издания, распространения и т.д. М.
Имя издателя, распространителя и т. д. МИЛТА-ПКП ГИТ
Дата издания, распространения и т.д. 2003
215 ## - ФИЗИЧЕСКАЯ ХАРАКТЕРИСТИКА
Специфическое обозначение материала и объем 67 с.
Другие сведения о физической характеристике ил.
Размеры 20
300 ## - ОБЩИЕ ПРИМЕЧАНИЯ
Текст примечания В надзаг. также: Ассоц. "Квантовая медицина", ЗАО "МИЛТА-ПКП-ГИТ"
320 ## - ПРИМЕЧАНИЯ О НАЛИЧИИ В ДОКУМЕНТЕ БИБЛИОГРАФИИ / УКАЗАТЕЛЯ
Текст примечания Библиогр.: с. 59-60 (27 назв.)
606 0# - НАИМЕНОВАНИЕ ТЕМЫ КАК ПРЕДМЕТ
Наименование темы Речь
Формальный подзаголовок Методические пособия
Тематический подзаголовок Расстройства у детей при умственном недоразвитии
-- Терапия лазеропунктурой
Системный номер авторитетной/нормативной записи 2346961
Идентификатор авторитетной/нормативной записи RU\NLR\auth\661402455
606 0# - НАИМЕНОВАНИЕ ТЕМЫ КАК ПРЕДМЕТ
Наименование темы Умственное недоразвитие у детей
Формальный подзаголовок Методические пособия
Тематический подзаголовок Терапия лазеропунктурой
Системный номер авторитетной/нормативной записи 2346972
Идентификатор авторитетной/нормативной записи RU\NLR\auth\661402462
606 0# - НАИМЕНОВАНИЕ ТЕМЫ КАК ПРЕДМЕТ
Наименование темы Умственное недоразвитие детей
Формальный подзаголовок Методические пособия
Тематический подзаголовок Терапия лазеропунктурой
Системный номер авторитетной/нормативной записи 2346966
Идентификатор авторитетной/нормативной записи RU\NLR\auth\661402458
686 ## - ИНДЕКСЫ ДРУГИХ КЛАССИФИКАЦИЙ
Индекс Р733.684.024-584я8
686 ## - ИНДЕКСЫ ДРУГИХ КЛАССИФИКАЦИЙ
Индекс Р733.645.95-584я8
702 #1 - ИМЯ ЛИЦА - ВТОРИЧНАЯ ОТВЕТСТВЕННОСТЬ
Начальный элемент ввода Воинова
Часть имени, кроме начального элемента ввода В. М.
Расширение инициалов личного имени Валентина Михайловна
Код отношения Составитель
712 02 - НАИМЕНОВАНИЕ ОРГАНИЗАЦИИ - ВТОРИЧНАЯ ОТВЕТСТВЕННОСТЬ
Код отношения Прочие
Начальный элемент ввода Московский НИИ педиатрии и детской хирургии
Идентификатор авторитетной/нормативной записи RU\NLR\AUTH\8810044761
Системный номер авторитетной/нормативной записи 588947
801 #0 - ИСТОЧНИК ЗАПИСИ
Страна Российская Федерация
Организация NLR
Дата составления 20040830
Правила каталогизации PSBO
801 #1 - ИСТОЧНИК ЗАПИСИ
Страна Российская Федерация
Организация NLR
Дата составления 20040830
942 ## - ДОПОЛНИТЕЛЬНЫЕ ЭЛЕМЕНТЫ ЗАПИСИ (АБИС)
Тип экземпляра АБИС Книга
980 ## - КОЛЛЕКЦИЯ
Название коллекции Национальная библиография
Экземпляры
Тип экземпляра Дата поступления Источник поступления Библиотека постоянного хранения Библиотека текущего хранения Место хранения Шифр хранения Штрих-код Статус экземпляра
Книга 30.08.2004 Обязательный экземпляр РНБ (Московский) РНБ (Московский) Русский книжный фонд: издания с 1957 года 2004-4/16132 741621  
Книга 30.08.2004 Обязательный экземпляр РНБ (Московский) РНБ (Московский) Русский книжный фонд: издания с 1957 года 2004-4/16132 741622